000 00509nam a22001937a 4500
003 OSt
005 20210414080236.0
008 210313s1923 ||||| |||| 00| 0 eng d
040 _aeng
_beng
_cDLC
041 _aeng
080 _a61
_bF-11
100 _91425
_aFaber, Knud
245 _aNosography in Modern Internal Medicine
_c/ by: Paul B. Hoeber Inc
260 _aNew York
_bPaul B. Hoeber Inc
_c1923
300 _a222 p.
650 0 _969
_aMedicine
653 _aმედიცინა
942 _2udc
_cBK
999 _c2231
_d2231